[Event "Amateur Tournament (ATO)"]
[Site "https://www.chess.com"]
[Date "2025.07.17"]
[Round "3"]
[White "Lachausse, Bruno"]
[Black "Steiner, Philippe"]
[Result "0-1"]
[Board "32"]
[WhiteFideId "1313231"]
[BlackFideId "1312340"]
[WhiteElo "1761"]
[BlackElo "1864"]
[WhiteTeam "SUI"]
[BlackTeam "SUI"]
[WhiteClock "0:25:52"]
[BlackClock "0:38:50"]
[Variant "Standard"]

1. e4 {[%clk 1:28:17]}  e5 {[%clk 1:30:52]} 2. Nf3 {[%clk 1:28:35]}  Nc6 {[%clk 1:31:07]} 3. d4 {[%clk 1:28:49]}  exd4 {[%clk 1:31:28]} 4. Bc4 {[%clk 1:29:03]}  d6 {[%clk 1:31:08]} 5. Nxd4 {[%clk 1:27:39]}  Nxd4 {[%clk 1:30:50]} 6. Qxd4 {[%clk 1:27:51]}  Qf6 {[%clk 1:29:42]} 7. Qd3 {[%clk 1:26:03]}  g6 {[%clk 1:27:12]} 8. Nc3 {[%clk 1:25:43]}  Bg7 {[%clk 1:25:07]} 9. Be3 {[%clk 1:22:05]}  Bd7 {[%clk 1:20:19]} 10. O-O-O {[%clk 1:19:45]}  Qd8 {[%clk 1:16:12]} 11. f4 {[%clk 1:16:24]}  Ne7 {[%clk 0:59:19]} 12. Bd4 {[%clk 1:10:17]}  f6 {[%clk 0:59:01]} 13. Nd5 {[%clk 1:02:32]}  Nc6 {[%clk 0:57:24]} 14. Bc3 {[%clk 1:00:55]}  Rf8 {[%clk 0:52:17]} 15. Qe2 {[%clk 0:57:16]}  Qc8 {[%clk 0:52:19]} 16. h3 {[%clk 0:56:47]}  Be6 {[%clk 0:50:43]} 17. g4 {[%clk 0:44:52]}  Bh8 {[%clk 0:45:15]} 18. Bb5 {[%clk 0:43:06]}  a6 {[%clk 0:43:01]} 19. Ba4 {[%clk 0:36:44]}  Qd7 {[%clk 0:42:13]} 20. Rhe1 {[%clk 0:31:21]}  O-O-O {[%clk 0:41:28]} 21. e5 {[%clk 0:25:59]}  b5 {[%clk 0:39:53]} 22. Bb3 {[%clk 0:15:05]}  fxe5 {[%clk 0:38:17]} 23. fxe5 {[%clk 0:13:37]}  Nxe5 {[%clk 0:36:30]} 24. Ba5 {[%clk 0:12:00]}  Bxd5 {[%clk 0:35:42]} 25. Bxd5 {[%clk 0:11:33]}  Rde8 {[%clk 0:35:00]} 26. Qg2 {[%clk 0:10:44]}  c6 {[%clk 0:34:05]} 27. Bb3 {[%clk 0:10:01]}  d5 {[%clk 0:29:58]} 28. Qg1 {[%clk 0:08:47]}  Nf3 {[%clk 0:20:02]} 29. Rxe8+ {[%clk 0:08:55]}  Rxe8 {[%clk 0:20:31]} 30. Qf2 {[%clk 0:06:14]}  Ng5 {[%clk 0:18:50]} 31. Qc5 {[%clk 0:05:30]}  Ne4 {[%clk 0:18:22]} 32. Qb6 {[%clk 0:05:38]}  Qb7 {[%clk 0:18:14]} 33. Qe3 {[%clk 0:04:18]}  Bf6 {[%clk 0:17:09]} 34. Qf3 {[%clk 0:02:42]}  Qg7 {[%clk 0:15:16]} 35. c3 {[%clk 0:02:09]}  Bg5+ {[%clk 0:15:00]} 36. Kc2 {[%clk 0:01:52]}  Rf8 {[%clk 0:14:53]} 37. Qh1 {[%clk 0:00:49]}  Nf2 {[%clk 0:10:35]} 38. Qg1 {[%clk 0:00:41]}  Nxd1 {[%clk 0:10:09]} 39. Qh1 {[%clk 0:00:49]}  Nf2 {[%clk 0:10:35]} 40. Qg1 {[%clk 0:00:41]}  Nd1 {[%clk 0:10:09]} 41. Qb6 {[%clk 0:00:37]}  Ne3+ {[%clk 0:10:17]} 42. Kd3 {[%clk 0:00:42]}  Qb7 {[%clk 0:10:35]} 43. Qc5 {[%clk 0:29:34]}  Re8 {[%clk 0:39:53]} 44. a4 {[%clk 0:25:52]}  Nc4 {[%clk 0:38:50]} 0-1

[Event "Amateur Tournament (ATO)"]
[Site "https://www.chess.com"]
[Date "2025.07.17"]
[Round "3"]
[White "Loeffler, Helmut"]
[Black "Balsiger, Matthias"]
[Result "1-0"]
[Board "33"]
[WhiteFideId "1317482"]
[BlackFideId "1320653"]
[WhiteElo "1709"]
[BlackElo "1748"]
[WhiteTeam "SUI"]
[BlackTeam "SUI"]
[WhiteClock "0:40:53"]
[BlackClock "0:19:46"]
[Variant "Standard"]

1. d4 {[%clk 1:30:59]}  d5 {[%clk 1:30:43]} 2. Nf3 {[%clk 1:31:23]}  Nf6 {[%clk 1:29:06]} 3. e3 {[%clk 1:31:23]}  Bg4 {[%clk 1:29:06]} 4. Bd3 {[%clk 1:31:37]}  e6 {[%clk 1:28:18]} 5. Nbd2 {[%clk 1:31:55]}  c5 {[%clk 1:27:19]} 6. c3 {[%clk 1:30:37]}  c4 {[%clk 1:26:36]} 7. Bc2 {[%clk 1:30:53]}  b5 {[%clk 1:25:39]} 8. h3 {[%clk 1:30:39]}  Bh5 {[%clk 1:24:29]} 9. e4 {[%clk 1:29:17]}  dxe4 {[%clk 1:23:16]} 10. Nxe4 {[%clk 1:29:41]}  Nd5 {[%clk 1:12:16]} 11. a3 {[%clk 1:26:27]}  Nc6 {[%clk 1:10:54]} 12. O-O {[%clk 1:25:02]}  Be7 {[%clk 1:07:31]} 13. Re1 {[%clk 1:24:11]}  O-O {[%clk 1:04:48]} 14. Ng3 {[%clk 1:23:38]}  Bg6 {[%clk 1:02:52]} 15. Bxg6 {[%clk 1:21:57]}  hxg6 {[%clk 1:03:04]} 16. Ne4 {[%clk 1:20:25]}  Qc7 {[%clk 0:57:37]} 17. Neg5 {[%clk 1:15:00]}  Bxg5 {[%clk 0:55:28]} 18. Nxg5 {[%clk 1:14:39]}  Qd6 {[%clk 0:50:46]} 19. Qg4 {[%clk 1:13:31]}  Nf6 {[%clk 0:50:39]} 20. Qf3 {[%clk 1:10:07]}  Qd5 {[%clk 0:46:02]} 21. Qg3 {[%clk 1:05:11]}  Rfe8 {[%clk 0:41:23]} 22. Bf4 {[%clk 0:58:46]}  Nh5 {[%clk 0:40:45]} 23. Qh4 {[%clk 0:58:30]}  f6 {[%clk 0:35:47]} 24. Nf3 {[%clk 0:56:48]}  Ne7 {[%clk 0:31:02]} 25. Bh2 {[%clk 0:54:23]}  f5 {[%clk 0:25:21]} 26. Re5 {[%clk 0:53:10]}  Qc6 {[%clk 0:24:54]} 27. Rae1 {[%clk 0:51:19]}  Nd5 {[%clk 0:25:05]} 28. Ng5 {[%clk 0:50:06]}  Nc7 {[%clk 0:21:32]} 29. Rc5 {[%clk 0:48:58]}  Qd7 {[%clk 0:20:12]} 30. Rxc7 {[%clk 0:49:00]}  Qd5 {[%clk 0:19:33]} 31. Rc5 {[%clk 0:48:20]}  Qd7 {[%clk 0:19:48]} 32. Rce5 {[%clk 0:48:07]}  Qd8 {[%clk 0:19:46]} 33. g4 {[%clk 0:40:53]} 1-0

[Event "Amateur Tournament (ATO)"]
[Site "https://www.chess.com"]
[Date "2025.07.17"]
[Round "3"]
[White "Klas, Friedrich Guenther"]
[Black "Boyer, Jean-Francois"]
[Result "0-1"]
[Board "35"]
[WhiteFideId "24669970"]
[BlackFideId "650226"]
[WhiteElo "1686"]
[BlackElo "1743"]
[WhiteTeam "GER"]
[BlackTeam "FRA"]
[WhiteClock "0:23:27"]
[BlackClock "0:23:08"]
[Variant "Standard"]

1. d4 {[%clk 1:30:51]}  d5 {[%clk 1:30:44]} 2. Nf3 {[%clk 1:31:07]}  Nf6 {[%clk 1:30:44]} 3. Bf4 {[%clk 1:31:26]}  c6 {[%clk 1:28:47]} 4. e3 {[%clk 1:27:49]}  Bf5 {[%clk 1:26:08]} 5. Nbd2 {[%clk 1:25:51]}  h6 {[%clk 1:20:53]} 6. h3 {[%clk 1:25:41]}  Nbd7 {[%clk 1:18:23]} 7. c4 {[%clk 1:15:59]}  e6 {[%clk 1:17:02]} 8. Qb3 {[%clk 1:12:39]}  b6 {[%clk 1:01:02]} 9. Bd3 {[%clk 1:00:03]}  Bxd3 {[%clk 0:55:59]} 10. Qxd3 {[%clk 1:00:30]}  c5 {[%clk 0:53:40]} 11. O-O {[%clk 0:57:54]}  Be7 {[%clk 0:53:23]} 12. Ne5 {[%clk 0:58:07]}  Qc8 {[%clk 0:49:59]} 13. Rac1 {[%clk 0:57:22]}  O-O {[%clk 0:48:22]} 14. Ndf3 {[%clk 0:51:21]}  Qb7 {[%clk 0:45:36]} 15. Nxd7 {[%clk 0:47:16]}  Nxd7 {[%clk 0:43:40]} 16. b3 {[%clk 0:45:24]}  Rad8 {[%clk 0:37:04]} 17. Rce1 {[%clk 0:39:59]}  Nf6 {[%clk 0:33:24]} 18. Qc2 {[%clk 0:25:50]}  Ne4 {[%clk 0:32:23]} 19. Nd2 {[%clk 0:24:39]}  Nxd2 {[%clk 0:30:12]} 20. Qxd2 {[%clk 0:25:06]}  dxc4 {[%clk 0:29:48]} 21. bxc4 {[%clk 0:25:29]}  Bf6 {[%clk 0:29:36]} 22. g4 {[%clk 0:24:27]}  g5 {[%clk 0:29:22]} 23. Bg3 {[%clk 0:24:50]}  cxd4 {[%clk 0:29:14]} 24. e4 {[%clk 0:24:29]}  e5 {[%clk 0:28:01]} 25. f3 {[%clk 0:23:20]}  Rc8 {[%clk 0:26:30]} 26. Qd3 {[%clk 0:23:47]}  Rc5 {[%clk 0:26:12]} 27. a4 {[%clk 0:23:24]}  Rfc8 {[%clk 0:25:57]} 28. Rc1 {[%clk 0:23:51]}  Qa6 {[%clk 0:26:03]} 29. Qd2 {[%clk 0:23:15]}  Rxc4 {[%clk 0:25:22]} 30. Bf2 {[%clk 0:23:27]}  Be7 {[%clk 0:23:08]} 0-1

[Event "Amateur Tournament (ATO)"]
[Site "https://www.chess.com"]
[Date "2025.07.17"]
[Round "3"]
[White "Huber, Ruth"]
[Black "Zarriess, Benjamin"]
[Result "0-1"]
[Board "36"]
[WhiteFideId "1315234"]
[BlackFideId "34606645"]
[WhiteElo "1600"]
[BlackElo "1741"]
[WhiteTeam "SUI"]
[BlackTeam "GER"]
[WhiteClock "0:22:54"]
[BlackClock "0:41:49"]
[Variant "Standard"]

1. Nf3 {[%clk 1:30:47]}  d5 {[%clk 1:30:39]} 2. g3 {[%clk 1:31:05]}  b6 {[%clk 1:30:35]} 3. Bg2 {[%clk 1:31:22]}  Bb7 {[%clk 1:30:53]} 4. O-O {[%clk 1:31:26]}  e6 {[%clk 1:31:08]} 5. d3 {[%clk 1:30:57]}  Nf6 {[%clk 1:30:09]} 6. Nbd2 {[%clk 1:30:36]}  Nbd7 {[%clk 1:29:10]} 7. c4 {[%clk 1:29:47]}  c5 {[%clk 1:27:36]} 8. cxd5 {[%clk 1:27:01]}  Nxd5 {[%clk 1:26:55]} 9. Ne4 {[%clk 1:25:02]}  Be7 {[%clk 1:24:40]} 10. Nc3 {[%clk 1:24:04]}  N5f6 {[%clk 1:18:01]} 11. Bf4 {[%clk 1:22:30]}  O-O {[%clk 1:17:23]} 12. Rc1 {[%clk 1:20:26]}  a6 {[%clk 1:15:50]} 13. e3 {[%clk 1:16:02]}  b5 {[%clk 1:14:01]} 14. a3 {[%clk 1:15:06]}  Qb6 {[%clk 1:10:17]} 15. d4 {[%clk 1:12:59]}  cxd4 {[%clk 1:03:00]} 16. Qxd4 {[%clk 1:11:45]}  Qxd4 {[%clk 1:01:24]} 17. Nxd4 {[%clk 1:08:03]}  Bxg2 {[%clk 1:00:43]} 18. Kxg2 {[%clk 0:59:52]}  e5 {[%clk 1:00:43]} 19. Nf5 {[%clk 0:59:52]}  Bxa3 {[%clk 1:00:42]} 20. bxa3 {[%clk 0:58:16]}  exf4 {[%clk 1:00:58]} 21. exf4 {[%clk 0:57:58]}  Rfe8 {[%clk 0:53:53]} 22. Rcd1 {[%clk 0:53:46]}  Nb6 {[%clk 0:51:19]} 23. Ne3 {[%clk 0:51:17]}  Red8 {[%clk 0:50:02]} 24. Kf3 {[%clk 0:50:08]}  Kf8 {[%clk 0:49:12]} 25. Rxd8+ {[%clk 0:48:51]}  Rxd8 {[%clk 0:49:31]} 26. Rd1 {[%clk 0:49:04]}  Rxd1 {[%clk 0:48:25]} 27. Ncxd1 {[%clk 0:49:25]}  g6 {[%clk 0:45:01]} 28. Nc3 {[%clk 0:45:33]}  Ke7 {[%clk 0:45:01]} 29. Ne4 {[%clk 0:44:43]}  Nxe4 {[%clk 0:39:21]} 30. Kxe4 {[%clk 0:43:15]}  Kd6 {[%clk 0:39:19]} 31. Kd4 {[%clk 0:42:13]}  a5 {[%clk 0:38:13]} 32. f3 {[%clk 0:38:41]}  Kc6 {[%clk 0:36:04]} 33. Nc2 {[%clk 0:31:12]}  Nd5 {[%clk 0:33:25]} 34. Na1 {[%clk 0:28:31]}  b4 {[%clk 0:32:21]} 35. axb4 {[%clk 0:26:58]}  Nxb4 {[%clk 0:32:33]} 36. Nb3 {[%clk 0:25:38]}  a4 {[%clk 0:28:22]} 37. Na5+ {[%clk 0:23:03]}  Kb5 {[%clk 0:28:11]} 38. Nc4 {[%clk 0:21:36]}  Na2 {[%clk 0:23:17]} 39. Na3+ {[%clk 0:09:44]}  Kb4 {[%clk 0:22:40]} 40. Nc4 {[%clk 0:09:17]}  Nc3 {[%clk 0:21:40]} 41. Kd3 {[%clk 0:05:53]}  Ne2 {[%clk 0:17:41]} 42. Nb2 {[%clk 0:25:19]}  a3 {[%clk 0:46:34]} 43. Kc2 {[%clk 0:25:30]}  a2 {[%clk 0:41:33]} 44. Nd3+ {[%clk 0:22:54]}  Ka3 {[%clk 0:41:49]} 0-1

[Event "Amateur Tournament (ATO)"]
[Site "https://www.chess.com"]
[Date "2025.07.17"]
[Round "3"]
[White "Cloete, Willem Francois"]
[Black "Glanc, Lea"]
[Result "1/2-1/2"]
[Board "38"]
[WhiteFideId "14358387"]
[BlackFideId "1344064"]
[WhiteElo "1567"]
[BlackElo "1735"]
[WhiteTeam "RSA"]
[BlackTeam "SUI"]
[WhiteClock "0:07:10"]
[BlackClock "0:00:14"]
[Variant "Standard"]

1. e4 {[%clk 1:30:56]}  e6 {[%clk 1:30:56]} 2. d4 {[%clk 1:31:20]}  d5 {[%clk 1:31:22]} 3. e5 {[%clk 1:31:39]}  c5 {[%clk 1:31:44]} 4. c3 {[%clk 1:32:01]}  Nc6 {[%clk 1:31:53]} 5. Nf3 {[%clk 1:32:20]}  Bd7 {[%clk 1:32:16]} 6. Bd3 {[%clk 1:32:23]}  Rc8 {[%clk 1:32:40]} 7. a3 {[%clk 1:32:03]}  Qb6 {[%clk 1:29:29]} 8. dxc5 {[%clk 1:29:32]}  Bxc5 {[%clk 1:27:27]} 9. b4 {[%clk 1:26:15]}  Be7 {[%clk 1:23:49]} 10. O-O {[%clk 1:23:31]}  f6 {[%clk 1:19:41]} 11. Bf4 {[%clk 1:21:14]}  fxe5 {[%clk 1:08:58]} 12. Nxe5 {[%clk 1:19:08]}  Nxe5 {[%clk 1:07:07]} 13. Bxe5 {[%clk 1:18:17]}  Nf6 {[%clk 1:02:37]} 14. Bd4 {[%clk 1:15:40]}  Qc7 {[%clk 1:00:43]} 15. Qe2 {[%clk 1:11:08]}  O-O {[%clk 0:59:26]} 16. Nd2 {[%clk 1:07:13]}  Bd6 {[%clk 0:54:37]} 17. Nf3 {[%clk 1:03:22]}  Nh5 {[%clk 0:41:32]} 18. g3 {[%clk 0:58:41]}  Nf6 {[%clk 0:35:49]} 19. Ne5 {[%clk 0:52:28]}  a6 {[%clk 0:27:18]} 20. a4 {[%clk 0:48:16]}  Be8 {[%clk 0:25:42]} 21. h3 {[%clk 0:41:04]}  Nd7 {[%clk 0:22:39]} 22. f4 {[%clk 0:34:35]}  Nxe5 {[%clk 0:15:11]} 23. fxe5 {[%clk 0:34:08]}  Be7 {[%clk 0:14:55]} 24. Qg4 {[%clk 0:30:02]}  Bf7 {[%clk 0:11:09]} 25. h4 {[%clk 0:26:36]}  Qd8 {[%clk 0:06:53]} 26. Ra2 {[%clk 0:24:54]}  a5 {[%clk 0:04:15]} 27. b5 {[%clk 0:20:05]}  Bc5 {[%clk 0:03:50]} 28. Raf2 {[%clk 0:19:13]}  Bxd4 {[%clk 0:02:39]} 29. cxd4 {[%clk 0:19:17]}  Qc7 {[%clk 0:01:12]} 30. h5 {[%clk 0:17:54]}  h6 {[%clk 0:00:43]} 31. Bg6 {[%clk 0:08:03]}  Bxg6 {[%clk 0:00:41]} 32. hxg6 {[%clk 0:07:43]}  Qe7 {[%clk 0:00:35]} 33. Rxf8+ {[%clk 0:06:53]}  Rxf8 {[%clk 0:00:14]} 34. Qf3 {[%clk 0:07:10]} 1/2-1/2

[Event "Amateur Tournament (ATO)"]
[Site "https://www.chess.com"]
[Date "2025.07.17"]
[Round "3"]
[White "Barros, Gustavo"]
[Black "Grabe, Eckart"]
[Result "0-1"]
[Board "39"]
[WhiteFideId "1368125"]
[BlackFideId "24694576"]
[WhiteElo "1658"]
[BlackElo "1774"]
[WhiteTeam "SUI"]
[BlackTeam "GER"]
[WhiteClock "0:01:23"]
[BlackClock "0:27:59"]
[Variant "Standard"]

1. d4 {[%clk 1:30:26]}  e6 {[%clk 1:30:53]} 2. c4 {[%clk 1:30:36]}  d5 {[%clk 1:31:11]} 3. Nc3 {[%clk 1:30:35]}  Nf6 {[%clk 1:31:25]} 4. cxd5 {[%clk 1:30:23]}  exd5 {[%clk 1:30:29]} 5. Bg5 {[%clk 1:30:14]}  Be7 {[%clk 1:29:31]} 6. Qc2 {[%clk 1:29:32]}  O-O {[%clk 1:26:46]} 7. e3 {[%clk 1:29:37]}  h6 {[%clk 1:26:07]} 8. Bf4 {[%clk 1:29:29]}  c6 {[%clk 1:23:54]} 9. h3 {[%clk 1:27:38]}  Re8 {[%clk 1:21:02]} 10. Bd3 {[%clk 1:26:57]}  Bd6 {[%clk 1:21:04]} 11. Bxd6 {[%clk 1:26:44]}  Qxd6 {[%clk 1:21:11]} 12. Nf3 {[%clk 1:25:17]}  Nbd7 {[%clk 1:08:36]} 13. O-O {[%clk 1:25:37]}  b5 {[%clk 1:05:16]} 14. a4 {[%clk 1:00:57]}  b4 {[%clk 1:03:41]} 15. Ne2 {[%clk 0:59:19]}  a5 {[%clk 1:00:07]} 16. Rfc1 {[%clk 0:58:02]}  Ba6 {[%clk 0:54:58]} 17. Nd2 {[%clk 0:55:12]}  Bxd3 {[%clk 0:51:47]} 18. Qxd3 {[%clk 0:55:40]}  c5 {[%clk 0:45:43]} 19. dxc5 {[%clk 0:54:22]}  Nxc5 {[%clk 0:40:00]} 20. Qb5 {[%clk 0:46:57]}  Nfd7 {[%clk 0:34:24]} 21. Nd4 {[%clk 0:37:35]}  Qa6 {[%clk 0:27:32]} 22. Rxc5 {[%clk 0:29:34]}  Nxc5 {[%clk 0:23:38]} 23. Qxc5 {[%clk 0:28:33]}  Qd3 {[%clk 0:17:20]} 24. N2f3 {[%clk 0:25:49]}  Qe4 {[%clk 0:13:20]} 25. Rd1 {[%clk 0:22:40]}  Rec8 {[%clk 0:13:02]} 26. Qb5 {[%clk 0:21:31]}  Rcb8 {[%clk 0:11:53]} 27. Qe2 {[%clk 0:18:16]}  Rc8 {[%clk 0:10:43]} 28. Qd2 {[%clk 0:16:06]}  Rc5 {[%clk 0:09:03]} 29. Rc1 {[%clk 0:15:36]}  Rac8 {[%clk 0:08:59]} 30. Rxc5 {[%clk 0:16:03]}  Rxc5 {[%clk 0:09:22]} 31. Ne1 {[%clk 0:14:28]}  Qb1 {[%clk 0:07:22]} 32. Kh2 {[%clk 0:12:28]}  Qa2 {[%clk 0:06:49]} 33. Nd3 {[%clk 0:11:37]}  Rc8 {[%clk 0:06:33]} 34. Qd1 {[%clk 0:10:26]}  Qc4 {[%clk 0:06:11]} 35. b3 {[%clk 0:09:54]}  Qc7+ {[%clk 0:06:11]} 36. g3 {[%clk 0:09:17]}  Qc3 {[%clk 0:05:27]} 37. Ne5 {[%clk 0:08:38]}  Qc7 {[%clk 0:03:50]} 38. f4 {[%clk 0:04:28]}  Qc1 {[%clk 0:03:23]} 39. Qg4 {[%clk 0:01:56]}  Qd2+ {[%clk 0:00:50]} 40. Ne2 {[%clk 0:00:36]}  Rc2 {[%clk 0:01:26]} 41. Nd7 {[%clk 0:00:34]}  Qxe2+ {[%clk 0:01:24]} 42. Qxe2 {[%clk 0:00:52]}  Rxe2+ {[%clk 0:01:51]} 43. Kg1 {[%clk 0:01:01]}  Rxe3 {[%clk 0:01:27]} 44. Nb6 {[%clk 0:00:46]}  Rxg3+ {[%clk 0:00:32]} 45. Kh2 {[%clk 0:00:56]}  Rxb3 {[%clk 0:00:53]} 46. Nxd5 {[%clk 0:01:23]}  Ra3 {[%clk 0:27:59]} 0-1

[Event "Amateur Tournament (ATO)"]
[Site "https://www.chess.com"]
[Date "2025.07.17"]
[Round "3"]
[White "Aegerter, Fabrice"]
[Black "Srirasa, Srisaaru"]
[Result "1-0"]
[Board "40"]
[WhiteFideId "1344854"]
[BlackFideId "1374036"]
[WhiteElo "1922"]
[BlackElo "1400"]
[WhiteTeam "SUI"]
[BlackTeam "SUI"]
[WhiteClock "0:19:54"]
[BlackClock "0:30:30"]
[Variant "Standard"]

1. d4 {[%clk 1:30:55]}  d5 {[%clk 1:30:57]} 2. Bf4 {[%clk 1:31:16]}  Nf6 {[%clk 1:31:15]} 3. e3 {[%clk 1:31:30]}  c5 {[%clk 1:31:35]} 4. c3 {[%clk 1:28:47]}  Nc6 {[%clk 1:28:30]} 5. Bd3 {[%clk 1:28:50]}  e6 {[%clk 1:20:16]} 6. Nf3 {[%clk 1:28:42]}  Qb6 {[%clk 1:14:10]} 7. Qc2 {[%clk 1:24:08]}  Be7 {[%clk 1:08:45]} 8. Nbd2 {[%clk 1:24:02]}  c4 {[%clk 1:03:13]} 9. Be2 {[%clk 1:24:10]}  Qd8 {[%clk 0:52:53]} 10. Ne5 {[%clk 1:22:43]}  Bd6 {[%clk 0:44:30]} 11. Rd1 {[%clk 1:18:53]}  Qc7 {[%clk 0:42:20]} 12. Ndf3 {[%clk 1:10:09]}  Ne4 {[%clk 0:41:38]} 13. Nxc6 {[%clk 1:00:14]}  Bxf4 {[%clk 0:32:32]} 14. Nce5 {[%clk 0:49:17]}  Bxe5 {[%clk 0:32:08]} 15. Nxe5 {[%clk 0:40:23]}  f6 {[%clk 0:29:47]} 16. Nxc4 {[%clk 0:40:00]}  Nxf2 {[%clk 0:27:51]} 17. Kxf2 {[%clk 0:40:12]}  dxc4 {[%clk 0:28:07]} 18. Qa4+ {[%clk 0:40:30]}  Bd7 {[%clk 0:25:13]} 19. Qxc4 {[%clk 0:40:49]}  Rc8 {[%clk 0:22:19]} 20. Qxc7 {[%clk 0:40:14]}  Rxc7 {[%clk 0:21:00]} 21. c4 {[%clk 0:39:21]}  O-O {[%clk 0:15:02]} 22. b4 {[%clk 0:36:59]}  Ba4 {[%clk 0:13:39]} 23. Rc1 {[%clk 0:36:54]}  a6 {[%clk 0:08:18]} 24. Rc3 {[%clk 0:34:43]}  Rfc8 {[%clk 0:03:11]} 25. Rhc1 {[%clk 0:30:12]}  f5 {[%clk 0:03:07]} 26. a3 {[%clk 0:28:09]}  Kf7 {[%clk 0:03:13]} 27. c5 {[%clk 0:27:33]}  Bc6 {[%clk 0:03:10]} 28. Bd1 {[%clk 0:26:57]}  g5 {[%clk 0:02:43]} 29. g3 {[%clk 0:23:20]}  g4 {[%clk 0:02:53]} 30. a4 {[%clk 0:23:20]}  Ke7 {[%clk 0:01:31]} 31. Rb1 {[%clk 0:22:37]}  Bd5 {[%clk 0:00:37]} 32. b5 {[%clk 0:22:13]}  a5 {[%clk 0:00:50]} 33. Rbc1 {[%clk 0:21:11]}  Rb8 {[%clk 0:00:59]} 34. Be2 {[%clk 0:21:16]}  Rbc8 {[%clk 0:01:10]} 35. Bf1 {[%clk 0:20:55]}  b6 {[%clk 0:00:36]} 36. Bg2 {[%clk 0:19:54]}  Kd7 {[%clk 0:30:30]} 1-0

[Event "Amateur Tournament (ATO)"]
[Site "https://www.chess.com"]
[Date "2025.07.17"]
[Round "3"]
[White "Brandes, Stefan"]
[Black "Rajendran, Ishaan"]
[Result "0-1"]
[Board "41"]
[WhiteFideId "1352890"]
[BlackFideId "39910032"]
[WhiteElo "1583"]
[BlackElo "1725"]
[WhiteTeam "SUI"]
[BlackTeam "USA"]
[WhiteClock "0:09:42"]
[BlackClock "0:07:27"]
[Variant "Standard"]

1. d4 {[%clk 1:30:58]}  d5 {[%clk 1:29:20]} 2. Bf4 {[%clk 1:31:16]}  c5 {[%clk 1:29:42]} 3. e3 {[%clk 1:31:33]}  Nc6 {[%clk 1:30:05]} 4. Nf3 {[%clk 1:31:18]}  cxd4 {[%clk 1:29:26]} 5. exd4 {[%clk 1:31:26]}  Bg4 {[%clk 1:29:12]} 6. c3 {[%clk 1:31:20]}  e6 {[%clk 1:28:38]} 7. Qb3 {[%clk 1:20:01]}  Qd7 {[%clk 1:20:20]} 8. Nbd2 {[%clk 1:06:29]}  a6 {[%clk 1:18:12]} 9. Bd3 {[%clk 0:56:27]}  Nf6 {[%clk 1:10:37]} 10. O-O {[%clk 0:54:48]}  Bxf3 {[%clk 1:05:56]} 11. Nxf3 {[%clk 0:55:07]}  Be7 {[%clk 1:06:01]} 12. h3 {[%clk 0:54:21]}  O-O {[%clk 1:03:49]} 13. Bh2 {[%clk 0:49:49]}  b5 {[%clk 0:59:08]} 14. a3 {[%clk 0:49:29]}  Na5 {[%clk 0:53:01]} 15. Ne5 {[%clk 0:48:46]}  Rfc8 {[%clk 0:53:28]} 16. f4 {[%clk 0:45:09]}  Qb7 {[%clk 0:50:04]} 17. f5 {[%clk 0:44:34]}  Nc4 {[%clk 0:47:45]} 18. Kh1 {[%clk 0:10:33]}  Bd6 {[%clk 0:11:16]} 19. g4 {[%clk 0:09:42]}  h6 {[%clk 0:07:27]} 0-1

[Event "Amateur Tournament (ATO)"]
[Site "https://www.chess.com"]
[Date "2025.07.17"]
[Round "3"]
[White "Brand, Thomas"]
[Black "Meise, Volker"]
[Result "1/2-1/2"]
[Board "42"]
[WhiteFideId "34641009"]
[BlackFideId "12903434"]
[WhiteElo "1464"]
[BlackElo "1715"]
[WhiteTeam "GER"]
[BlackTeam "GER"]
[WhiteClock "0:36:42"]
[BlackClock "0:16:48"]
[Variant "Standard"]

1. d4 {[%clk 1:30:57]}  Nf6 {[%clk 1:30:51]} 2. c4 {[%clk 1:31:20]}  g6 {[%clk 1:31:01]} 3. Nc3 {[%clk 1:31:33]}  d5 {[%clk 1:31:09]} 4. cxd5 {[%clk 1:31:27]}  Nxd5 {[%clk 1:31:03]} 5. e4 {[%clk 1:31:50]}  Nxc3 {[%clk 1:30:29]} 6. bxc3 {[%clk 1:32:17]}  c5 {[%clk 1:23:36]} 7. Nf3 {[%clk 1:32:09]}  Bg7 {[%clk 1:23:14]} 8. Bb5+ {[%clk 1:29:52]}  Bd7 {[%clk 1:20:53]} 9. Be2 {[%clk 1:26:32]}  Nc6 {[%clk 1:16:25]} 10. Be3 {[%clk 1:20:37]}  O-O {[%clk 1:12:43]} 11. O-O {[%clk 1:20:10]}  Bg4 {[%clk 1:00:44]} 12. d5 {[%clk 1:08:45]}  Bxf3 {[%clk 0:54:10]} 13. Bxf3 {[%clk 1:08:22]}  Ne5 {[%clk 0:52:53]} 14. Be2 {[%clk 1:07:12]}  b6 {[%clk 0:40:49]} 15. Qd2 {[%clk 1:03:22]}  Qc8 {[%clk 0:35:30]} 16. f4 {[%clk 0:56:46]}  Ng4 {[%clk 0:34:11]} 17. Bxg4 {[%clk 0:55:04]}  Qxg4 {[%clk 0:33:27]} 18. e5 {[%clk 0:51:56]}  Qd7 {[%clk 0:27:28]} 19. c4 {[%clk 0:50:16]}  Rad8 {[%clk 0:25:14]} 20. Rad1 {[%clk 0:45:12]}  e6 {[%clk 0:18:38]} 21. dxe6 {[%clk 0:40:00]}  Qxe6 {[%clk 0:18:54]} 22. Qc3 {[%clk 0:36:42]}  Qe7 {[%clk 0:16:48]} 1/2-1/2

[Event "Amateur Tournament (ATO)"]
[Site "https://www.chess.com"]
[Date "2025.07.17"]
[Round "3"]
[White "Archit Saigal"]
[Black "Steiner, Remo"]
[Result "0-1"]
[Board "44"]
[WhiteFideId "46631291"]
[BlackFideId "1360973"]
[WhiteElo "1494"]
[BlackElo "1690"]
[WhiteTeam "IND"]
[BlackTeam "SUI"]
[WhiteClock "0:01:38"]
[BlackClock "0:01:30"]
[Variant "Standard"]

1. e4 {[%clk 1:23:27]}  c5 {[%clk 1:30:45]} 2. Nf3 {[%clk 1:23:53]}  d6 {[%clk 1:30:44]} 3. Bb5+ {[%clk 1:24:19]}  Bd7 {[%clk 1:31:03]} 4. Bxd7+ {[%clk 1:24:45]}  Nxd7 {[%clk 1:31:08]} 5. O-O {[%clk 1:23:58]}  Ngf6 {[%clk 1:30:42]} 6. Re1 {[%clk 1:23:19]}  e6 {[%clk 1:27:57]} 7. c3 {[%clk 1:19:45]}  Be7 {[%clk 1:27:29]} 8. d4 {[%clk 1:19:59]}  cxd4 {[%clk 1:22:49]} 9. cxd4 {[%clk 1:20:20]}  O-O {[%clk 1:23:09]} 10. Nc3 {[%clk 1:16:15]}  Rc8 {[%clk 1:11:23]} 11. e5 {[%clk 1:00:54]}  Ne8 {[%clk 1:11:17]} 12. Ne4 {[%clk 0:54:10]}  dxe5 {[%clk 0:49:26]} 13. dxe5 {[%clk 0:50:56]}  Nc7 {[%clk 0:46:53]} 14. Bg5 {[%clk 0:45:58]}  Bxg5 {[%clk 0:42:24]} 15. Nfxg5 {[%clk 0:39:56]}  h6 {[%clk 0:15:39]} 16. Nxf7 {[%clk 0:28:26]}  Rxf7 {[%clk 0:10:33]} 17. Nd6 {[%clk 0:28:25]}  Nd5 {[%clk 0:08:47]} 18. Nxf7 {[%clk 0:24:32]}  Kxf7 {[%clk 0:09:09]} 19. Qh5+ {[%clk 0:24:16]}  Kg8 {[%clk 0:09:04]} 20. Qg4 {[%clk 0:13:55]}  Qb6 {[%clk 0:08:11]} 21. Qe2 {[%clk 0:07:54]}  Rf8 {[%clk 0:07:45]} 22. Rad1 {[%clk 0:06:20]}  Qc5 {[%clk 0:03:37]} 23. g3 {[%clk 0:04:56]}  Rf5 {[%clk 0:03:42]} 24. b4 {[%clk 0:03:53]}  Qxb4 {[%clk 0:02:02]} 25. Rxd5 {[%clk 0:03:36]}  exd5 {[%clk 0:02:23]} 26. e6 {[%clk 0:04:02]}  Qe7 {[%clk 0:02:02]} 27. Qc2 {[%clk 0:00:37]}  Re5 {[%clk 0:01:15]} 28. Qc8+ {[%clk 0:01:06]}  Kh7 {[%clk 0:01:18]} 29. exd7 {[%clk 0:00:34]}  Rxe1+ {[%clk 0:01:36]} 30. Kg2 {[%clk 0:00:34]}  Re5 {[%clk 0:01:18]} 31. Kg1 {[%clk 0:01:06]}  Re1+ {[%clk 0:01:36]} 32. Kg2 {[%clk 0:01:04]}  Re5 {[%clk 0:01:18]} 33. Kg1 {[%clk 0:00:05]}  Re1+ {[%clk 0:01:36]} 34. Kg2 {[%clk 0:00:34]}  Qe4+ {[%clk 0:01:16]} 35. Kh3 {[%clk 0:01:17]}  Qf5+ {[%clk 0:01:09]} 36. Kg2 {[%clk 0:01:08]}  Qe4+ {[%clk 0:01:05]} 37. Kh3 {[%clk 0:01:25]}  Qf5+ {[%clk 0:01:14]} 38. Kg2 {[%clk 0:01:38]}  Re2 {[%clk 0:01:30]} 0-1